The Kinks Members - Statistics

General Stats
  • This quiz has been taken 30 times
  • The average score is 6 of 12
Answer Stats
Years Instrument Answer % Correct
1964-1997, 2018-present Lead and backing vocals, guitar, keyboard Dave Davies
100%
1964-1997, 2018-present Lead and backing vocals, guitar, keyboard, harmonica Ray Davies
100%
1964-1984 Drums, percussion Mick Avory
79%
1964-1966, 1966-1969 Backing vocals, bass Pete Quaife
68%
1966, 1969-1976 Backing vocals, bass John Dalton
50%
1970-1978 Backing vocals, piano, keyboard John Gosling
43%
1984-1996 Drums, percussion Bob Henrit
29%
1978-1997 Backing vocals, bass Jim Rodford
25%
1979-1989, 1993-1997 Backing vocals, piano, keyboard Ian Gibbons
21%
1976-1978 Bass Andy Pyle
18%
1978-1979 Backing vocals, piano, keyboard Gordon Edwards
18%
1989-1993 Backing vocals, piano, keyboard Mark Haley
18%
No matching quizzes found
Score Distribution
Percent of People with Each Score
Percentile by Number Answered
Your Score History
You have not taken this quiz